<?xml version="1.0" encoding="UTF-8"?>
<record
    xmlns:xsi="http://www.w3.org/2001/XMLSchema-instance"
    xsi:schemaLocation="http://www.loc.gov/MARC21/slim http://www.loc.gov/standards/marcxml/schema/MARC21slim.xsd"
    xmlns="http://www.loc.gov/MARC21/slim">

  <leader>01504nam a22001577a 4500</leader>
  <controlfield tag="008">150410b        xxu||||| |||| 00| 0 eng d</controlfield>
  <datafield tag="020" ind1=" " ind2=" ">
    <subfield code="a">9789930944387</subfield>
  </datafield>
  <datafield tag="082" ind1=" " ind2=" ">
    <subfield code="a">709.972.86</subfield>
    <subfield code="b">Ch 512c</subfield>
  </datafield>
  <datafield tag="100" ind1=" " ind2=" ">
    <subfield code="a">Chavaria Zamora, Maria Jose (curadora)</subfield>
    <subfield code="9">2376</subfield>
  </datafield>
  <datafield tag="245" ind1=" " ind2=" ">
    <subfield code="a">Construcciones invenciones</subfield>
    <subfield code="b">de la Suiza Centroamericana al pais mas feliz del mundo</subfield>
    <subfield code="c">Chavaria Zamora, Maria Jose (curadora), Resenterra Quiros, Fiorella (prologo), Artavia Vindas, Adriana (fotografa)</subfield>
  </datafield>
  <datafield tag="260" ind1=" " ind2=" ">
    <subfield code="a">San Jose, Costa Rica</subfield>
    <subfield code="b">Museo de Arte y Dise&#xF1;o Contemporaneo MADC</subfield>
    <subfield code="c">2013</subfield>
  </datafield>
  <datafield tag="300" ind1=" " ind2=" ">
    <subfield code="a">81 p.</subfield>
    <subfield code="b">ill. (col)</subfield>
    <subfield code="c">21 cm.</subfield>
  </datafield>
  <datafield tag="505" ind1=" " ind2=" ">
    <subfield code="t">La Suiza Centroamericana</subfield>
    <subfield code="r">Fiorella Resenterra</subfield>
    <subfield code="t">De construcciones e invenciones</subfield>
    <subfield code="r">Maria Jose Chavarria</subfield>
    <subfield code="t">Obras y sinopsis</subfield>
    <subfield code="t">Textos de los conversatorios en torno a la exposicion</subfield>
    <subfield code="r">Victor Hugo Acu&#xF1;a (Historiador), Pablo Hern&#xE1;ndez (filosofo), Marta Rosa Cardoso (Historiadora del arte), Javier Calvo (artista), Carlos Sojo (sociologo), Anna Matteucci (artista), Edgar Le&#xF3;n (artista), Mauricio Menjivar (sociologo), Jos&#xE9; Alberto Hern&#xE1;ndez (artista), Fernando Benach (artista), Roberto Guerrero (artista), Sergio Villena (sociologo), Emilia Villegas (artista), Jurgen Ure&#xF1;a (productor audiovisual), Pablo Ortega Rodriguez (productor audiovisual), Gabriela Hern&#xE1;ndez (productora audiovisual).</subfield>
  </datafield>
  <datafield tag="650" ind1=" " ind2=" ">
    <subfield code="x">Historia del arte-Costa Rica</subfield>
    <subfield code="x">arte-Costa Rica</subfield>
    <subfield code="x">Catalogos de arte</subfield>
    <subfield code="9">2377</subfield>
  </datafield>
  <datafield tag="700" ind1=" " ind2=" ">
    <subfield code="a"> Maria Jose Chavaria Zamora (curadora), Fiorella Resenterra Quiros (prologo), Adriana Artavia Vindas,(fotografa)</subfield>
    <subfield code="9">2378</subfield>
  </datafield>
  <datafield tag="999" ind1=" " ind2=" ">
    <subfield code="c">509</subfield>
    <subfield code="d">509</subfield>
  </datafield>
  <datafield tag="952" ind1=" " ind2=" ">
    <subfield code="0">0</subfield>
    <subfield code="1">0</subfield>
    <subfield code="2">ddc</subfield>
    <subfield code="4">0</subfield>
    <subfield code="7">0</subfield>
    <subfield code="a">LV</subfield>
    <subfield code="b">LV</subfield>
    <subfield code="c">Colectivas</subfield>
    <subfield code="d">2015-04-10</subfield>
    <subfield code="l">1</subfield>
    <subfield code="o">709.972.86 Ch 512c</subfield>
    <subfield code="p">004032</subfield>
    <subfield code="r">2019-09-05 00:00:00</subfield>
    <subfield code="s">2019-03-13</subfield>
    <subfield code="w">2015-04-10</subfield>
    <subfield code="y">01</subfield>
  </datafield>
</record>
